|
|
|
|
| LEADER |
00000nam0a2200000 4500 |
| 001 |
115782 |
| 005 |
20231101215302.0 |
| 010 |
|
|
|a 5742403410
|
| 020 |
|
|
|a RU
|b 90-24945
|
| 035 |
|
|
|a (RuTPU)RU\TPU\book\125249
|
| 090 |
|
|
|a 115782
|
| 100 |
|
|
|a 20070514d1990 d y0rusy5003 ca
|
| 101 |
0 |
|
|a rus
|
| 102 |
|
|
|a RU
|
| 105 |
|
|
|a a z 000ay
|
| 200 |
1 |
|
|a Пастух и пастушка; Звездопад; Кража
|e Повести : [Для старшего школьного возраста]
|f В. П. Астафьев
|g авт. предисл. В. Курбатов
|
| 210 |
|
|
|a Иркутск
|c Восточно-Сибирское кн. изд-во
|d 1990
|
| 215 |
|
|
|a 477,[2] с.
|c ил.
|d 21 см
|
| 225 |
1 |
|
|a Сибирская библиотека для детей и юношества
|
| 610 |
1 |
|
|a советская литература
|
| 610 |
1 |
|
|a повести
|
| 610 |
1 |
|
|a военное время
|
| 675 |
|
|
|a Р2
|z rus
|v 3
|
| 700 |
|
1 |
|a Астафьев
|b В. П.
|c русский писатель
|f 1924-2001
|g Виктор Петрович
|2 stltpush
|3 (RuTPU)RU\TPU\pers\8221
|9 1618
|
| 702 |
|
1 |
|a Курбатов
|b В.
|4 080
|
| 801 |
|
0 |
|a RU
|b RuMRKP
|c 19950417
|g psbo
|
| 801 |
|
1 |
|a RU
|b 63413507
|c 20070514
|g PSBO
|
| 801 |
|
2 |
|a RU
|b 63413507
|c 20190417
|g PSBO
|
| 942 |
|
|
|c BK
|